Statistics for 57 Heinz varieties

Click here to take the quiz!

General Stats

  • This quiz has been taken 65 times
  • The average score is 8 of 57

Answer Stats

Heinz 57% Correct
43Tomato Ketchup
83%
1Oven Baked Beans - Pork and Tomato Sauce
56%
2Oven Baked Beans - Pork no Tomato Sauce
56%
3Oven Baked Beans - Tomato Sauce, no Pork
56%
48Prepared Mustard - Brown or Yellow
52%
50Mayonnaise
39%
10Cream of Tomato Soup
37%
25Cooked Spaghetti
30%
52Cider Vinegar
22%
51Malt Vinegar
22%
54Tarragon Vinegar
22%
53White Vinegar
22%
8Cream of Mushroom Soup
19%
30Mixed Pickles - Sweet or Sour
19%
19Vegetable Soup
17%
47Worcestershire Sauce
17%
26Cooked Macaroni
15%
33Dill Pickles
15%
49Evaporated Horseradish
13%
45Beefsteak Sauce
11%
29Gherkins - Sweet or Sour
11%
38Pickled Onions - Sweet and Sour
11%
16Scotch Broth
11%
12Beef Broth
7%
44Chili Sauce
7%
23Puddings - Date, Fig, and Plum
7%
28Apple Butter
6%
6Cream of Celery Soup
6%
7Cream of Green Pea Soup
6%
34Fresh Cucumber Pickle
6%
36India Relish
6%
4Oven Baked Red Kidney Beans
6%
24Peanut Butter
6%
27Pure Jellies
6%
35Strained Foods
6%
11Bean Soup
4%
31Chow Chow Pickle
4%
13Clam Chowder
4%
5Cream of Asparagus Soup
4%
9Cream of Oyster
4%
14Gumbo Creole
4%
22Mince Meat
4%
15Mock Turtle Soup
4%
17Noodle Soup
4%
21Onion Soup
4%
18Pepper Pot Soup
4%
46Pepper Sauce - Red or Green
4%
42Pure Spanish Olive Oil
4%
41Ripe Olives
4%
39Spanish Queen Olives
4%
40Stuffed Spanish Olives
4%
32Sweet Mustard Pickle
4%
20Consommé
2%
37Sandwich Spread
2%
57Tomato Juice
2%
56Breakfast Wheat
0%
55Rice Flakes
0%

Score Distribution

Percentile by Number Answered

Percent of People with Each Score

Your Score History

You have not taken this quiz